Auditoría (Registro nro. 3216)

Detalles MARC
000 -LEADER
fixed length control field 01248 a2200253 4500
001 - CONTROL NUMBER
control field 40449
005 - DATE AND TIME OF LATEST TRANSACTION
control field 20260407155658.0
008 - FIXED-LENGTH DATA ELEMENTS--GENERAL INFORMATION
fixed length control field 260407a2014 arg spa d
003 - CONTROL NUMBER IDENTIFIER
control field AR-UNSa-BCEJYS
040 ## - CATALOGING SOURCE
Original cataloging agency AR-UNSa-BCEJYS
Language of cataloging spa
Transcribing agency AR-UNSa-BCEJYS
080 ## - UNIVERSAL DECIMAL CLASSIFICATION NUMBER
Universal Decimal Classification number 657.6
Common auxiliary subdivision Auditoria (control interno)
020 ## - INTERNATIONAL STANDARD BOOK NUMBER
International Standard Book Number 978-987-01-1607-3
041 ## - LANGUAGE CODE
Language code of text/sound track or separate title spa
100 1# - MAIN ENTRY--PERSONAL NAME
Personal name Laguía, Ana Carolina
245 10 - TITLE STATEMENT
Title Auditoría
250 ## - EDITION STATEMENT
Edition statement 2a. ed.
264 #1 - PRODUCTION, PUBLICATION, DISTRIBUTION, MANUFACTURE, AND COPYRIGHT NOTICE
Place of production, publication, distribution, manufacture Buenos Aires :
Name of producer, publisher, distributor, manufacturer Errepar
Date of production, publication, distribution, manufacture, or copyright notice 2014
300 ## - PHYSICAL DESCRIPTION
Extent 285 p.
Dimensions 27 cm.
505 ## - FORMATTED CONTENTS NOTE
Formatted contents note 1. Aspectos generales - 2. Caja y bancos e inversiones transitorias - 3. Ventas y créditos por ventas - 4. Compras y cuentas a pagar - 5. Otros créditos y otras deudas - 6. Bienes de cambio y costos - 7. Inversiones permanentes - 8. Bienes de uso e intangibles - 9. Deudas financieras - 10. Pasivos laborales y costos - 11. Deudas y cargas fiscales - 12. Deudas contingentes - 13. Patrimonio neto - 14. Estado de resultados y estado de flujo de efectivo - 15. Conclusión de auditoría - 16. Anexo informatico
590 ## - LOCAL NOTE (RLIN)
Local note niveau_biblio:m niveau_hierar:0
700 1# - ADDED ENTRY--PERSONAL NAME
Personal name De Carli, María Florencia
856 41 - ELECTRONIC LOCATION AND ACCESS
Uniform Resource Identifier <a href="https://biblioeco.unsa.edu.ar/pmb/images/libros/L125908.jpg">https://biblioeco.unsa.edu.ar/pmb/images/libros/L125908.jpg</a>
Link text Imagen de portada
Electronic format type image/jpeg
942 ## - ADDED ENTRY ELEMENTS (KOHA)
Koha item type
Existencias
Withdrawn status Lost status Damaged status Not for loan Home library Current library Shelving location Date acquired Total checkouts Full call number Barcode Date last seen Price effective from Koha item type Public note
        Biblioteca Prof. Eusebio Cleto del Rey Biblioteca Prof. Eusebio Cleto del Rey   07/04/2026   657.6 L182 2ed. L125908 07/04/2026 07/04/2026 Libro PÁG 284 Y 285 CON MANCHAS
        Biblioteca Prof. Eusebio Cleto del Rey Biblioteca Prof. Eusebio Cleto del Rey   07/04/2026   657.6 L182 2ed. L125909 07/04/2026 07/04/2026 Libro CANTO MANCHADO - TAPA DOBLADA - DESDE PRIMERA PÁG HASTA PÁG 71 HÚMEDAS Y MANCHADAS
        Biblioteca Prof. Eusebio Cleto del Rey Biblioteca Prof. Eusebio Cleto del Rey   07/04/2026   657.6 L182 2ed. L125910 07/04/2026 07/04/2026 Libro CANTO SUPERIOR HÚMEDO - PÁG 44 Y 283 CON MANCHAS - TAPA DOBLADA